| 000 | 00566nam a2200193Ia 4500 | ||
|---|---|---|---|
| 005 | 20250326144848.0 | ||
| 008 | 250326s9999 xx 000 0 und d | ||
| 020 | _a978-1-4221-2065-1 | ||
| 037 | _aTextbook | ||
| 040 |
_aFMSL _beng _cFMSL |
||
| 041 |
_aeng _2eng |
||
| 084 |
_aX:8 P7 _qFMSL |
||
| 100 | _aDrucker Peter F | ||
| 245 | 0 |
_aPeople and performance: best of Peter Drucker on management _cDrucker Peter F |
|
| 260 |
_aBoston _bBoston, Harvard Business School _c2007 |
||
| 300 | _avi,317 | ||
| 942 |
_cTB _hX:8 P7 |
||
| 999 |
_c1305359 _d1305359 |
||